La revolución capitalista del siglo XX / (Record no. 32607)

MARC details
000 -LEADER
campo de control de longitud fija 00829nam a2200229 i 4500
001 - NÚMERO DE CONTROL
campo de control 32607
003 - IDENTIFICADOR DE NÚMERO DE CONTROL
campo de control ES-MaACL
005 - FECHA Y HORA DE LA ÚLTIMA TRANSACCIÓN
campo de control 20250927155719.0
007 - CAMPO FIJO DE DESCRIPCIÓN FÍSICA--INFORMACIÓN GENERAL
campo de control de longitud fija t|
008 - DATOS DE LONGITUD FIJA--INFORMACIÓN GENERAL
campo de control de longitud fija 030131s1958 sp ||||1| spa d
100 1# - ENTRADA PRINCIPAL--NOMBRE DE PERSONA
Nombre de persona Berle, Adolf A.
9 (RLIN) 28053
245 13 - MENCIÓN DEL TÍTULO
Título La revolución capitalista del siglo XX /
Mención de responsabilidad, etc. Adolf A. Berle ; traducción castellana de Esteba Molist Pol ; nota preliminar de Jacinto Ros Hombravella.
260 ## - PUBLICACIÓN, DISTRIBUCIÓN, ETC.
Lugar de publicación, distribución, etc. Barcelona :
Nombre del editor, distribuidor, etc. Vergara,
Fecha de publicación, distribución, etc. [1958] (
Fabricante Duplex)
300 ## - DESCRIPCIÓN FÍSICA
Extensión 173 p. ;
Dimensiones 18 cm.
490 1# - MENCIÓN DE SERIE
Mención de serie Colección "Nuevos Horizontes" ;
Designación de volumen o secuencia 27
650 04 - PUNTO DE ACCESO ADICIONAL DE MATERIA--TÉRMINO DE MATERIA
Término de materia o nombre geográfico como elemento de entrada Sociedades anónimas.
9 (RLIN) 17182
700 1# - ENTRADA AGREGADA--NOMBRE PERSONAL
Nombre de persona Molist Pol, Esteban.
9 (RLIN) 82025
700 1# - ENTRADA AGREGADA--NOMBRE PERSONAL
Nombre de persona Ros Hombravella, Jacint,
Fechas asociadas al nombre 1934-
9 (RLIN) 99589
830 0# - PUNTO DE ACCESO ADICIONAL DE SERIE-TÍTULO UNIFORME
Título uniforme Colección "Nuevos Horizontes" ;
Designación de volumen o secuencia 27
9 (RLIN) 181509
852 ## - LOCALIZACIÓN
Ubicación ES-MaACL
Número de control de estantería C-15164
Sublocalización o colección R.42583
Holdings
Estatus retirado Estado de pérdida Estado de daño No para préstamo Biblioteca de origen Biblioteca actual Ubicación en estantería Fecha de adquisición Fuente de adquisición Total de préstamos Signatura topográfica completa Código de barras Visto por última vez Precio de reemplazo Tipo de ítem Koha
        Biblioteca del Ateneo de Madrid Biblioteca del Ateneo de Madrid Ficheros 17/01/2008     C-15164 1033808 23/02/2023 23/02/2023 Libro impreso